| 000 | 01084cam a2200241 4500 | ||
|---|---|---|---|
| 001 | ABS62863 | ||
| 008 | 000000n2000 000 0 eng u | ||
| 035 | _a(Sirsi) u108432 | ||
| 100 | _aBrewer, G. | ||
| 245 | _aNew guide on adjudication | ||
| 260 | _c2000 | ||
| 490 |
_aContract Journal _v405(6292) 31 August 2000, 22(1) |
||
| 520 | _aDiscusses the decision in "Whiteways Contractors (Sussex) Ltd v Impresa Castelli Construction UK Ltd" which concerned the issue of the jurisdiction of adjudicators and abatement. | ||
| 590 | _aABS | ||
| 650 | _aWHITEWAYS CONTRACTORS (SUSSEX) LTD V IMPRESA CASTELLI CONSTRUCTION UK LTD | ||
| 650 | _aMANAGEMENT-DISPUTE AVOIDANCE, MANAGEMENT AND RESOLUTION-DISPUTE MANAGEMENT AND RESOLUTION-ALTERNATIVE DISPUTE RESOLUTION-ADJUDICATION-ADJUDICATORS | ||
| 650 | _aABATEMENT | ||
| 650 | _aMANAGEMENT-DISPUTE AVOIDANCE, MANAGEMENT AND RESOLUTION-DISPUTE MANAGEMENT AND RESOLUTION-ALTERNATIVE DISPUTE RESOLUTION-ADJUDICATION | ||
| 650 | _aINTERIM VALUATIONS | ||
| 650 | _aS111 NOTICES | ||
| 690 |
_aDispute resolution _96236 |
||
| 942 | _n0 | ||
| 999 |
_c64738 _d64738 |
||